000 00461nam a2200169 a 4500
005 20240612124940.0
008 240612t2019 my ||||| |||| 00| 0 may d
020 0 0 _a9789672137641
040 _aAKMAL
082 0 0 _a899.2333 LAY
090 0 0 _a899.2333
_bLAY
245 1 0 _aSetia Dia Menghadirkan Cinta /
_cLaydee Amarfi
260 0 0 _aSelangor:
_bIdea Kreatif Publication,
_c2019
300 _a336p. :
_bill. ;
_c18cm
650 0 0 _aMalay fiction
942 _2ddc
_cBOOK
999 _c5005
_d5005